00350nam a2200121Ia 4500001000400000008004100004082001600045100001100061245008900072260002300161901002900184999001500213123241024s9999 xx 000 0 und d aRD/378/U56c aUNESCO 0aconclusiones de la conferencia mundial sobre la educación superior en el soglo XXI bEditora UASDc1998 a19/10/2010 10:33:37 a.m. c8320d8320